[Event "II Festival A"]
[Site "Bisaccia ITA"]
[Date "2010.06.02"]
[Round "7"]
[White "Sellitti, Luca"]
[Black "Boni, Gianni"]
[Result "1-0"]
[WhiteElo "1915"]
[BlackElo "1856"]
[PlyCount "115"]
[EventDate "2010.05.29"]

1. e4 b6 2. d4 Bb7 3. Nc3 e6 4. Nf3 Bb4 5. Bd3 Nf6 6. Qe2 d6 7. O-O Bxc3 8.
bxc3 Nbd7 9. Bg5 h6 10. Bh4 g5 11. Bg3 Qe7 12. Rfe1 Nh5 13. e5 Nxg3 14. fxg3
dxe5 15. Nxe5 Nxe5 16. Qxe5 O-O-O 17. a4 a5 18. Rf1 Rhg8 19. Qf6 Qd6 20. Rae1
Qc6 21. Be4 Qxc3 22. Bxb7+ Kxb7 23. Qxf7 Qxd4+ 24. Kh1 Rgf8 25. Qxe6 Rde8 26.
Qb3 Rf2 27. h3 Ref8 28. Rg1 Qd2 29. Re7 Qxc2 30. Qd5+ Qc6 31. Qxc6+ Kxc6 32.
Rc1+ Kd6 33. Rexc7 Rf1+ 34. Kh2 Rxc1 35. Rxc1 Rf2 36. Rc4 Kd5 37. Rg4 Rb2 38.
h4 Rb4 39. Kh3 Ke5 40. hxg5 hxg5 41. Rxg5+ Kf6 42. Rd5 Ke7 43. g4 Rxa4 44. g5
Rb4 45. Rd1 Kf7 46. g4 a4 47. Kh4 a3 48. Rd7+ Kg6 49. Rd6+ Kg7 50. Kh5 a2 51.
Rd7+ Kf8 52. Ra7 Rb5 53. Rxa2 Rc5 54. Ra7 Rc6 55. g6 Rc1 56. Rb7 Rh1+ 57. Kg5
Rb1 58. g7+ 1-0

[Event "II Festival A"]
[Site "Bisaccia ITA"]
[Date "2010.06.02"]
[Round "7"]
[White "Vespe, Francesco"]
[Black "Gromovs, Sergejs"]
[Result "0-1"]
[WhiteElo "1979"]
[BlackElo "2319"]
[PlyCount "62"]
[EventDate "2010.05.29"]

1. d4 Nf6 2. c4 g6 3. Nc3 Bg7 4. e4 d6 5. Nf3 O-O 6. Be2 Na6 7. Bg5 h6 8. Bh4
g5 9. Bg3 Nh5 10. h4 Nxg3 11. fxg3 g4 12. Nh2 h5 13. Nf1 e5 14. d5 Bh6 15. a3
f5 16. exf5 Bxf5 17. Nd2 Be3 18. Nde4 Nc5 19. Nxc5 Bf2+ 20. Kd2 dxc5 21. Bd3 c6
22. Bxf5 Rxf5 23. Qc2 Qf6 24. Ne4 Qh6+ 25. Kc3 cxd5 26. cxd5 c4 27. Qe2 Bd4+
28. Kc2 Qb6 29. Kc1 Raf8 30. Rb1 Be3+ 31. Kd1 Qd4+ 0-1

[Event "II Festival A"]
[Site "Bisaccia ITA"]
[Date "2010.06.02"]
[Round "7"]
[White "Vuelban, Virgilio"]
[Black "Fiore, Mario"]
[Result "0-1"]
[WhiteElo "2369"]
[BlackElo "2223"]
[PlyCount "55"]
[EventDate "2010.05.29"]

1. e4 e6 2. d4 d5 3. Nc3 Nc6 4. Nf3 Nf6 5. e5 Ne4 6. Bd3 Bb4 7. Bd2 Nxd2 8.
Qxd2 f6 9. Bb5 Bd7 10. exf6 gxf6 11. a3 Bd6 12. O-O-O O-O 13. Rhe1 Rf7 14. g3
Qf8 15. Nh4 a6 16. Be2 b5 17. Bg4 f5 18. Bh5 Rf6 19. f4 Rb8 20. Nb1 b4 21. Re3
bxa3 22. Nxa3 Rb4 23. Nf3 Rh6 24. g4 Bxf4 25. c3 Rb3 26. Rg1 Kh8 27. Ne1 Rxa3
28. bxa3 0-1

[Event "III Open Basso Veronese A"]
[Site "Casaleone ITA"]
[Date "2010.05.29"]
[Round "1"]
[White "Bertani, Gianfranco"]
[Black "Caldonazzo, Matteo"]
[Result "1-0"]
[WhiteElo "2081"]
[BlackElo "1894"]
[PlyCount "101"]
[EventDate "2010.05.29"]

1. Nf3 f5 2. d4 d6 3. Nc3 Nf6 4. Bg5 Nbd7 5. e3 g6 6. Bc4 Bg7 7. Qe2 c6 8. h4
d5 9. Bb3 O-O 10. O-O-O Ne4 11. Nxe4 fxe4 12. Nd2 a5 13. a3 h6 14. Nxe4 hxg5
15. Nxg5 Nf6 16. f3 Bh6 17. g4 Kg7 18. Nh3 a4 19. Ba2 Kh8 20. g5 Nh5 21. gxh6
Ng3 22. Qd3 Nxh1 23. Rxh1 Bxh3 24. Rxh3 Qd7 25. Rg3 Qf5 26. Qe2 Qh5 27. Rg4 Rf6
28. f4 Qxh6 29. c3 Raf8 30. Bb1 Kh7 31. Rg5 Qxh4 32. Rh5+ Qxh5 33. Qxh5+ Kg7
34. Qg4 Rh8 35. Qg2 Rh6 36. Bd3 e6 37. c4 Rf8 38. Kd2 Rfh8 39. Kc3 Rb8 40. Qg5
Re8 41. c5 Rf8 42. Qe7+ Rf7 43. Qxe6 Rf6 44. Qe5 Rh1 45. f5 gxf5 46. Bxf5 Rh5
47. Qg3+ Kh6 48. Bc2 Re6 49. Qf4+ Rg5 50. Qf8+ Rg7 51. Qh8+ 1-0

[Event "III Open Basso Veronese A"]
[Site "Casaleone ITA"]
[Date "2010.05.29"]
[Round "1"]
[White "Bortolazzi, Michele"]
[Black "Codenotti, Marco"]
[Result "0-1"]
[WhiteElo "1903"]
[BlackElo "2163"]
[PlyCount "96"]
[EventDate "2010.05.29"]

1. e4 c5 2. Nf3 d6 3. d4 cxd4 4. Nxd4 Nf6 5. Nc3 a6 6. Be2 e6 7. a4 Be7 8. O-O
Nc6 9. Kh1 O-O 10. f4 Qc7 11. Bf3 Re8 12. Nxc6 bxc6 13. e5 Nd5 14. Nxd5 cxd5
15. exd6 Bxd6 16. b3 Bb7 17. c4 Rad8 18. cxd5 exd5 19. Bd2 d4 20. Rc1 Bxf3 21.
Qxf3 Qb6 22. f5 f6 23. Rc6 Qb7 24. Ba5 Rd7 25. Qd5+ Kh8 26. Qc4 d3 27. Re1 Be5
28. Bd2 Qa7 29. Re6 Red8 30. Qxa6 Qf2 31. Qa5 Qxf5 32. Re7 Rc8 33. Rxd7 Qxd7
34. b4 Qd4 35. b5 Qh4 36. Rxe5 fxe5 37. b6 Rf8 38. h3 Qg3 39. Kg1 Qf2+ 40. Kh2
Rb8 41. Qxe5 Qxb6 42. a5 Qb5 43. Qd4 Rc8 44. Bc3 Qb8+ 45. g3 Qc7 46. Bb4 Qc2+
47. Kg1 Qd1+ 48. Kf2 Qe2+ 0-1

[Event "III Open Basso Veronese A"]
[Site "Casaleone ITA"]
[Date "2010.05.29"]
[Round "1"]
[White "Molina, Fabrizio"]
[Black "Temporin, Alberto"]
[Result "1/2-1/2"]
[WhiteElo "2211"]
[BlackElo "1942"]
[PlyCount "146"]
[EventDate "2010.05.29"]

1. Nf3 Nf6 2. c4 b6 3. g3 Bb7 4. Bg2 g6 5. O-O Bg7 6. Nc3 O-O 7. Re1 d6 8. e4
e5 9. d4 exd4 10. Nxd4 Nbd7 11. Bg5 Qc8 12. Qd2 Re8 13. Rad1 Nc5 14. f3 Ne6 15.
Be3 Rd8 16. h3 Qd7 17. Kh2 Nh5 18. f4 Nf6 19. f5 Nc5 20. Bh6 Re8 21. Bxg7 Kxg7
22. e5 dxe5 23. Ne6+ fxe6 24. Qxd7+ Ncxd7 25. Bxb7 Rad8 26. fxg6 hxg6 27. Bc6
Rf8 28. Kg2 a6 29. b3 Kf7 30. Na4 Nb8 31. Bb7 Rxd1 32. Rxd1 Ke7 33. Rd2 Rd8 34.
Re2 e4 35. c5 b5 36. Nc3 c6 37. Nxe4 Nxe4 38. Rxe4 Rd2+ 39. Kf3 Rxa2 40. Bc8
Nd7 41. Bxd7 Kxd7 42. Rg4 Ra3 43. Rxg6 Rxb3+ 44. Ke4 a5 45. Rg7+ Ke8 46. h4 a4
47. h5 Kf8 48. h6 a3 49. Ke5 a2 50. Ra7 Rxg3 51. Rxa2 Rh3 52. Kd6 Rxh6 53. Ra8+
Kf7 54. Kxc6 b4 55. Rb8 Rh4 56. Rb7+ Ke8 57. Kd6 Rd4+ 58. Kxe6 Kd8 59. Ke5 Rh4
60. Kd6 Rh6+ 61. Kd5 Rh4 62. Kc6 Rf4 63. Rb8+ Ke7 64. Kc7 Ke6 65. c6 Kd5 66.
Rd8+ Kc4 67. Kb7 b3 68. c7 Rf7 69. Kc6 Rxc7+ 70. Kxc7 Kc3 71. Kc6 b2 72. Rb8
Kc2 73. Rxb2+ Kxb2 1/2-1/2

[Event "III Open Basso Veronese A"]
[Site "Casaleone ITA"]
[Date "2010.05.29"]
[Round "1"]
[White "Negro, Raffaele"]
[Black "Ricci, Alfredo"]
[Result "1-0"]
[WhiteElo "1865"]
[BlackElo "1980"]
[PlyCount "53"]
[EventDate "2010.05.29"]

1. d4 Nf6 2. Nf3 g6 3. Nc3 d5 4. Bf4 Bg7 5. Qd2 O-O 6. Bh6 b6 7. Bxg7 Kxg7 8.
e3 Bb7 9. Be2 Ne4 10. Nxe4 dxe4 11. Ne5 Nd7 12. O-O-O f6 13. Nxd7 Qxd7 14. h4
Rad8 15. h5 Qe6 16. Kb1 c5 17. hxg6 hxg6 18. Rh3 Rh8 19. Rdh1 Rxh3 20. Rxh3 Qd6
21. Bc4 cxd4 22. exd4 g5 23. c3 e5 24. Qe2 Bc8 25. Rh1 g4 26. Qe3 f5 27. Qg5+
1-0

[Event "III Open Basso Veronese A"]
[Site "Casaleone ITA"]
[Date "2010.05.30"]
[Round "2"]
[White "Caldonazzo, Matteo"]
[Black "Ricci, Alfredo"]
[Result "1/2-1/2"]
[WhiteElo "1894"]
[BlackElo "1980"]
[PlyCount "93"]
[EventDate "2010.05.29"]

1. Nf3 d5 2. d4 Nf6 3. e3 c5 4. b3 e6 5. Bd3 Nc6 6. O-O Be7 7. Bb2 O-O 8. Nbd2
b6 9. Ne5 Bb7 10. f4 Nb4 11. Be2 Rc8 12. a3 Na6 13. Bd3 Ne4 14. Rf3 Qe8 15. Rh3
f6 16. Nef3 Nc7 17. c4 Qf7 18. f5 exf5 19. cxd5 Nxd5 20. Nxe4 Nxe3 21. Nxf6+
Qxf6 22. Qe2 Bxf3 23. Rxf3 cxd4 24. Rxe3 dxe3 25. Bxf6 Bxf6 26. Rd1 f4 27. Bc4+
Kh8 28. g3 Be7 29. gxf4 Rxf4 30. Rf1 Rh4 31. a4 a5 32. Rf7 Bc5 33. Rf5 Bd4 34.
Rd5 Re8 35. Bb5 Rf8 36. Rxd4 Rxd4 37. Qxe3 Rd6 38. Kh1 Rdf6 39. Bc4 Rd8 40. Qe7
Rdf8 41. Qc7 Re8 42. Bf7 Re1+ 43. Kg2 Re2+ 44. Kg3 Re3+ 45. Kg4 Re4+ 46. Kh3
Re3+ 47. Kg2 1/2-1/2

[Event "III Open Basso Veronese A"]
[Site "Casaleone ITA"]
[Date "2010.05.30"]
[Round "2"]
[White "Codenotti, Marco"]
[Black "Garonzi, Martino"]
[Result "0-1"]
[WhiteElo "2163"]
[BlackElo "2013"]
[PlyCount "58"]
[EventDate "2010.05.29"]

1. e4 c5 2. Nf3 d6 3. d4 cxd4 4. Nxd4 Nf6 5. Nc3 g6 6. Be3 Bg7 7. f3 O-O 8. Qd2
Nc6 9. g4 Nxd4 10. Bxd4 Be6 11. Nd5 Bxd5 12. exd5 Qc7 13. h4 e5 14. dxe6 fxe6
15. O-O-O Rac8 16. Rh2 Rfd8 17. h5 e5 18. Be3 d5 19. hxg6 hxg6 20. Bh6 Rd6 21.
Bd3 e4 22. Bxe4 dxe4 23. Qxd6 Bxh6+ 24. Kb1 Qxd6 25. Rxd6 Bf4 26. Rxf6 Bxh2 27.
Rxg6+ Kf7 28. Rh6 Bf4 29. Rh5 exf3 0-1

[Event "III Open Basso Veronese A"]
[Site "Casaleone ITA"]
[Date "2010.05.30"]
[Round "2"]
[White "De Paoli, Emilio"]
[Black "Bortolazzi, Michele"]
[Result "0-1"]
[WhiteElo "1874"]
[BlackElo "1903"]
[PlyCount "100"]
[EventDate "2010.05.29"]

1. e4 e5 2. Bc4 Nf6 3. Nf3 Nc6 4. Ng5 d5 5. exd5 Na5 6. Bb5+ c6 7. dxc6 bxc6 8.
Be2 h6 9. Nf3 Bd6 10. d4 e4 11. Ne5 O-O 12. O-O Qc7 13. f4 c5 14. c3 cxd4 15.
cxd4 Nd5 16. Na3 Bxa3 17. bxa3 Nc3 18. Qe1 f6 19. Ng6 Nxe2+ 20. Qxe2 Re8 21.
Bd2 Nc4 22. Rac1 Ba6 23. Bb4 Rac8 24. Bc5 Qf7 25. f5 Rc6 26. Qd1 Rxc5 27. dxc5
Ne3 28. Qa4 Bxf1 29. Rxf1 Nxf1 30. Kxf1 e3 31. Qb3 e2+ 32. Ke1 a5 33. a4 Qxb3
34. axb3 Kf7 35. Nf4 Re5 36. Nd3 Rxf5 37. Kxe2 Ke7 38. Ke3 Rd5 39. g4 Rd8 40.
h3 Rb8 41. Nc1 Ke6 42. Kd4 h5 43. gxh5 f5 44. Ke3 Rb4 45. Ne2 Rxb3+ 46. Kf4
Rb4+ 47. Kg5 Rxa4 48. Kg6 Re4 49. Ng3 Re1 50. h6 Rg1 0-1

[Event "III Open Basso Veronese A"]
[Site "Casaleone ITA"]
[Date "2010.05.30"]
[Round "2"]
[White "Faccia, Sergio"]
[Black "Molina, Fabrizio"]
[Result "0-1"]
[WhiteElo "2063"]
[BlackElo "2211"]
[PlyCount "46"]
[EventDate "2010.05.29"]

1. e4 d6 2. d4 Nf6 3. Nc3 e5 4. Nf3 Nbd7 5. Bc4 Be7 6. dxe5 Nxe5 7. Nxe5 dxe5
8. Qxd8+ Bxd8 9. Bg5 c6 10. a4 Ba5 11. Bd2 Ke7 12. f3 Be6 13. Bxe6 Kxe6 14. Ke2
Rad8 15. Rad1 Rd4 16. Nb1 Bxd2 17. Rxd2 Rxa4 18. Rhd1 Ra1 19. g4 g5 20. Ke3 h5
21. h4 gxh4 22. Rd6+ Ke7 23. g5 Nd5+ 0-1

[Event "III Open Basso Veronese A"]
[Site "Casaleone ITA"]
[Date "2010.05.30"]
[Round "2"]
[White "Negro, Raffaele"]
[Black "Bertani, Gianfranco"]
[Result "0-1"]
[WhiteElo "1865"]
[BlackElo "2081"]
[PlyCount "140"]
[EventDate "2010.05.29"]

1. d4 b6 2. e4 Bb7 3. Bd3 e6 4. Nf3 c5 5. c3 Nf6 6. Bg5 Be7 7. Nbd2 O-O 8. O-O
d5 9. e5 Ne4 10. Bxe7 Qxe7 11. Re1 cxd4 12. cxd4 Nxd2 13. Qxd2 Nc6 14. a3 Na5
15. Qf4 h6 16. Rac1 Rac8 17. h4 Nb3 18. Rxc8 Bxc8 19. g4 f6 20. Kg2 fxe5 21.
Qxe5 Qf7 22. Qe3 Qf4 23. Ne5 Nxd4 24. Qxf4 Rxf4 25. Kg3 Rf8 26. Rc1 Bd7 27. Rc7
Bb5 28. Bxb5 Nxb5 29. Re7 Nd6 30. f3 Nc4 31. Nxc4 dxc4 32. Rxa7 Rd8 33. Ra6 Rb8
34. Kf4 Rb7 35. Ke5 Kf7 36. Kd4 b5 37. Kc5 g5 38. h5 Kf6 39. Kc6 Rb8 40. Kd7
Rb7+ 41. Kc6 Rb8 42. Rb6 c3 43. bxc3 Ra8 44. Kxb5 Rxa3 45. Kb4 Ra1 46. c4 Rf1
47. c5 Rxf3 48. c6 Ke7 49. c7 Kd7 50. c8=Q+ Kxc8 51. Rxe6 Kd7 52. Rxh6 Rf4+ 53.
Kc5 Rxg4 54. Rg6 Ke7 55. h6 Kf7 56. Rg7+ Kf6 57. Rd7 Rh4 58. Rd6+ Kf5 59. Rd5+
Kg6 60. Rd6+ Kh7 61. Kd5 Rxh6 62. Rxh6+ Kxh6 63. Ke4 Kh5 64. Kf3 Kh4 65. Kg2
Kg4 66. Kh2 Kf3 67. Kh3 g4+ 68. Kh2 Kf2 69. Kh1 Kg3 70. Kg1 Kh3 0-1

[Event "III Open Basso Veronese A"]
[Site "Casaleone ITA"]
[Date "2010.05.30"]
[Round "3"]
[White "Bertani, Gianfranco"]
[Black "Garonzi, Martino"]
[Result "0-1"]
[WhiteElo "2081"]
[BlackElo "2013"]
[PlyCount "48"]
[EventDate "2010.05.29"]

1. Nf3 Nf6 2. d4 d6 3. Bg5 g6 4. Nc3 Bg7 5. e4 O-O 6. Qd2 c6 7. O-O-O Qc7 8.
Bd3 Nbd7 9. h4 h5 10. Nh2 e5 11. g4 exd4 12. Ne2 c5 13. Bxf6 Nxf6 14. g5 Nd7
15. Nf4 c4 16. Nd5 Qc5 17. Bf1 c3 18. Qe2 Nb6 19. b4 d3 20. Qxd3 Qxf2 21. Nc7
Qf4+ 22. Kb1 Rb8 23. Be2 Bf5 24. exf5 Qxb4+ 0-1

[Event "III Open Basso Veronese A"]
[Site "Casaleone ITA"]
[Date "2010.05.30"]
[Round "3"]
[White "Bortolazzi, Michele"]
[Black "Temporin, Alberto"]
[Result "0-1"]
[WhiteElo "1903"]
[BlackElo "1942"]
[PlyCount "78"]
[EventDate "2010.05.29"]

1. e4 e5 2. Nf3 d6 3. Nc3 Nf6 4. d4 exd4 5. Nxd4 Bd7 6. Bc4 Be7 7. O-O O-O 8.
f4 Nc6 9. Be3 Re8 10. h3 Bf8 11. Bd3 Nb4 12. Qf3 Nxd3 13. cxd3 c5 14. Nde2 Bc6
15. Qg3 c4 16. Nd4 cxd3 17. Nf5 g6 18. Bd4 Nxe4 19. Nxe4 Bxe4 20. Ne3 Bg7 21.
Bxg7 Kxg7 22. f5 Qb6 23. f6+ Kh8 24. Kh2 Bc6 25. Nf5 Re2 26. Rg1 Qxb2 27. Nxd6
Rf8 28. Rae1 Qxf6 29. Qxd3 Qe5+ 30. Qg3 Qxg3+ 31. Kxg3 Rxa2 32. Re7 Bd5 33.
Nxb7 Rb8 34. Nd6 Kg7 35. Re5 Rb3+ 36. Kh2 Rd3 37. Ne8+ Kh6 38. Nf6 Be6 39. Re4
Rxh3# 0-1

[Event "III Open Basso Veronese A"]
[Site "Casaleone ITA"]
[Date "2010.05.30"]
[Round "3"]
[White "Caldonazzo, Matteo"]
[Black "Negro, Raffaele"]
[Result "1/2-1/2"]
[WhiteElo "1894"]
[BlackElo "1865"]
[PlyCount "58"]
[EventDate "2010.05.29"]

1. Nf3 g6 2. g3 Bg7 3. Bg2 d6 4. d3 e5 5. O-O Ne7 6. e4 Nd7 7. Bg5 h6 8. Be3
Nf6 9. h3 g5 10. Ne1 Ng6 11. c3 g4 12. h4 c5 13. d4 Qe7 14. Nd3 exd4 15. cxd4
c4 16. Qa4+ Bd7 17. Qxc4 Nxe4 18. Bxe4 Qxe4 19. Re1 O-O 20. Bxh6 Qf5 21. Bxg7
Kxg7 22. Re3 Rac8 23. Qb3 Be6 24. Qd1 Rc4 25. Nc3 Rxd4 26. Ne2 Rd5 27. Nc3 Rd4
28. Ne2 Rd5 29. Nc3 Rd4 1/2-1/2

[Event "III Open Basso Veronese A"]
[Site "Casaleone ITA"]
[Date "2010.05.30"]
[Round "3"]
[White "Marino, Francesco V."]
[Black "De Paoli, Emilio"]
[Result "0-1"]
[WhiteElo "1877"]
[BlackElo "1874"]
[PlyCount "130"]
[EventDate "2010.05.29"]

1. c4 e5 2. Nc3 Bb4 3. Nd5 Ba5 4. b4 c6 5. bxa5 cxd5 6. cxd5 Nf6 7. Bb2 d6 8.
e4 O-O 9. Bd3 Qxa5 10. Bc3 Qd8 11. f3 Nbd7 12. Ne2 Nc5 13. Bc2 h5 14. d4 exd4
15. Qxd4 Ncd7 16. Rb1 b6 17. O-O Ba6 18. Rfe1 Rc8 19. Bd1 Ne5 20. Bb3 h4 21.
Nf4 Qd7 22. Ba1 h3 23. Qe3 hxg2 24. Rb2 Bf1 25. Rd2 Rfe8 26. Nxg2 Bxg2 27. Rxg2
Qh3 28. Bxe5 Rxe5 29. Rg3 Qh4 30. Qf2 Rh5 31. Qg2 Kf8 32. Rd1 g6 33. Ba4 Kg7
34. Qb2 Rch8 35. Rd2 Qf4 36. Bd1 Rxh2 37. Rxg6+ fxg6 38. Rxh2 Qg3+ 39. Kh1 Qe1+
40. Kg2 Rxh2+ 41. Kxh2 Qxd1 42. Qc3 Qa4 43. Kg3 Qd7 44. Qd4 Kf7 45. Kf4 Nh5+
46. Ke3 Qe7 47. f4 Qf6 48. e5 dxe5 49. fxe5 Qg5+ 50. Kd3 Qf5+ 51. Kc3 Qf3+ 52.
Kb2 Qe2+ 53. Ka1 Qf1+ 54. Kb2 Qb5+ 55. Ka1 Ng7 56. e6+ Nxe6 57. dxe6+ Kxe6 58.
Qg4+ Qf5 59. Qc4+ Kf6 60. Qc6+ Kg7 61. Qc7+ Qf7 62. Qg3 a6 63. a4 Qf6+ 64. Ka2
g5 65. Qc7+ Qf7+ 0-1

[Event "III Open Basso Veronese A"]
[Site "Casaleone ITA"]
[Date "2010.05.30"]
[Round "3"]
[White "Molina, Fabrizio"]
[Black "Codenotti, Marco"]
[Result "1-0"]
[WhiteElo "2211"]
[BlackElo "2163"]
[PlyCount "83"]
[EventDate "2010.05.29"]

1. Nf3 g6 2. c4 Bg7 3. Nc3 c5 4. d4 cxd4 5. Nxd4 Nc6 6. Nc2 Bxc3+ 7. bxc3 Qa5
8. Qd2 Nf6 9. f3 d6 10. e4 Bd7 11. Nb4 Rc8 12. Be2 Ne5 13. Qd4 Qb6 14. Bh6 Nxc4
15. Bg7 Qxd4 16. cxd4 Rg8 17. Bxf6 exf6 18. Nd5 Rh8 19. Nxf6+ Ke7 20. Nd5+ Ke6
21. Kf2 f5 22. Rhc1 Na5 23. Ke3 Rxc1 24. Rxc1 Rc8 25. Rxc8 Bxc8 26. h4 b6 27.
Bb5 Bb7 28. Nb4 fxe4 29. fxe4 h6 30. Kf4 Kf6 31. e5+ dxe5+ 32. dxe5+ Ke6 33. g4
Bg2 34. Bd3 g5+ 35. hxg5 hxg5+ 36. Kxg5 Bf3 37. Kf4 Bxg4 38. Kxg4 Kxe5 39. Nc2
Nc6 40. Kf3 Nd4+ 41. Ke3 Nc6 42. Be4 1-0

[Event "III Open Basso Veronese A"]
[Site "Casaleone ITA"]
[Date "2010.05.30"]
[Round "3"]
[White "Ricci, Alfredo"]
[Black "Faccia, Sergio"]
[Result "0-1"]
[WhiteElo "1980"]
[BlackElo "2063"]
[PlyCount "62"]
[EventDate "2010.05.29"]

1. d4 Nf6 2. Nf3 c5 3. e3 d5 4. Nbd2 cxd4 5. exd4 g6 6. Bd3 Bg7 7. b3 Nc6 8. a3
Bg4 9. h3 Bd7 10. Bb2 O-O 11. O-O Nh5 12. Re1 Nf4 13. Bf1 Rc8 14. Rc1 Qb6 15.
Ne5 Nxe5 16. dxe5 Ne6 17. c4 d4 18. Ne4 Bxe5 19. c5 Qc7 20. g3 Bc6 21. Bg2 f5
22. Nd2 Bxg2 23. Kxg2 f4 24. Qg4 Rf5 25. Nf3 Rcf8 26. Re4 fxg3 27. Nxe5 Rxe5
28. fxg3 Qc6 29. Rce1 Ng5 30. Qxg5 Rxg5 31. Bxd4 Rf4 0-1

[Event "III Open Basso Veronese A"]
[Site "Casaleone ITA"]
[Date "2010.06.05"]
[Round "4"]
[White "Bortolazzi, Michele"]
[Black "Caldonazzo, Matteo"]
[Result "0-1"]
[WhiteElo "1903"]
[BlackElo "1894"]
[PlyCount "128"]
[EventDate "2010.05.29"]

1. e4 e6 2. d4 d5 3. Nc3 Nf6 4. e5 Nfd7 5. f4 c5 6. Nf3 Nc6 7. Be3 Qb6 8. a3
cxd4 9. Nxd4 Bc5 10. Ncb5 a6 11. Nxc6 axb5 12. Bxc5 Nxc5 13. Nd4 Bd7 14. c3 O-O
15. Be2 f6 16. O-O fxe5 17. fxe5 Qc7 18. Nf3 Ne4 19. Qd4 Ra4 20. Qe3 h6 21. Bd1
Raa8 22. Bc2 Bc6 23. Qd4 Rad8 24. Nh4 Rxf1+ 25. Rxf1 Qe7 26. Nf3 Rd7 27. Qb4
Qc5+ 28. Nd4 Qxb4 29. axb4 Re7 30. Bxe4 dxe4 31. Kf2 Rf7+ 32. Ke2 Rxf1 33. Kxf1
Kf7 34. Ke2 Kg6 35. Ke3 Bd5 36. b3 Kg5 37. Nxb5 Bxb3 38. Kxe4 Bd5+ 39. Kd4 Bxg2
40. Nd6 Kh4 41. c4 Kh3 42. Ne8 g5 43. Ng7 Kxh2 44. Nxe6 g4 45. Nf4 g3 46. Nxg2
Kxg2 47. e6 Kf3 48. e7 g2 49. e8=Q g1=Q+ 50. Kd5 Qg5+ 51. Kd4 Qd2+ 52. Kc5 Qe3+
53. Qxe3+ Kxe3 54. Kb6 h5 55. Kxb7 h4 56. c5 h3 57. c6 h2 58. c7 h1=Q+ 59. Kb8
Qh2 60. b5 Kd4 61. b6 Kc5 62. b7 Kb6 63. Ka8 Qa2+ 64. Kb8 Qa7+ 0-1

[Event "III Open Basso Veronese A"]
[Site "Casaleone ITA"]
[Date "2010.06.05"]
[Round "4"]
[White "De Paoli, Emilio"]
[Black "Codenotti, Marco"]
[Result "1/2-1/2"]
[WhiteElo "1874"]
[BlackElo "2163"]
[PlyCount "139"]
[EventDate "2010.05.29"]

1. e4 c5 2. Nf3 g6 3. d4 cxd4 4. Nxd4 Nc6 5. c4 Nf6 6. Nc3 d6 7. Nc2 Bg7 8. Be2
O-O 9. Be3 Nd7 10. Qd2 Qa5 11. Bh6 Bxh6 12. Qxh6 Nc5 13. O-O f5 14. b4 Nxb4 15.
Nxb4 Qxb4 16. Nd5 Qb2 17. Nxe7+ Kf7 18. Nxc8 Raxc8 19. exf5 Qg7 20. fxg6+ hxg6
21. Qxg7+ Kxg7 22. Rad1 Rf6 23. Bf3 Rc7 24. Bd5 Nd7 25. f4 Nb6 26. Rb1 Nxd5 27.
cxd5 Rf5 28. Rb5 a6 29. Ra5 Rc2 30. g4 Rf7 31. f5 gxf5 32. Rxf5 Rxf5 33. gxf5
Kf6 34. Ra3 Rd2 35. Rb3 Kxf5 36. a3 b5 37. h4 Rd4 38. h5 Rh4 39. Re3 Rxh5 40.
Re6 Rh3 41. a4 Rg3+ 42. Kf2 Rg6 43. axb5 axb5 44. Re8 Rg7 45. Rb8 Ke4 46. Rxb5
Ra7 47. Rb4+ Kxd5 48. Ke3 Ra3+ 49. Kd2 Kc5 50. Rb8 d5 51. Rc8+ Kd4 52. Rd8 Ra2+
53. Kc1 Kc3 54. Rc8+ Kd3 55. Rh8 Ra1+ 56. Kb2 Re1 57. Rh3+ Kd2 58. Rh2+ Re2 59.
Rh1 d4 60. Rg1 d3 61. Rh1 Re5 62. Rh2+ Re2 63. Rh1 Re6 64. Rh2+ Ke3 65. Kc1 Rg6
66. Rh3+ Kd4 67. Rh8 Rc6+ 68. Kd2 Rc2+ 69. Kd1 Rc5 70. Kd2 1/2-1/2

[Event "III Open Basso Veronese A"]
[Site "Casaleone ITA"]
[Date "2010.06.05"]
[Round "4"]
[White "Faccia, Sergio"]
[Black "Negro, Raffaele"]
[Result "1-0"]
[WhiteElo "2063"]
[BlackElo "1865"]
[PlyCount "49"]
[EventDate "2010.05.29"]

1. e4 g6 2. d4 Bg7 3. Nc3 d6 4. f4 a6 5. Nf3 Nd7 6. a4 b6 7. Bd3 c5 8. d5 Ngf6
9. e5 dxe5 10. fxe5 Ng4 11. e6 fxe6 12. dxe6 Nde5 13. O-O O-O 14. Ne4 Nxf3+ 15.
Rxf3 Qd4+ 16. Kh1 Bb7 17. Rxf8+ Rxf8 18. Bg5 Nf2+ 19. Nxf2 Qxf2 20. Qg4 Bxb2
21. Rb1 Bd4 22. Bxe7 Rf4 23. Qg5 Be4 24. Bd6 Bxd3 25. Bxf4 1-0

[Event "III Open Basso Veronese A"]
[Site "Casaleone ITA"]
[Date "2010.06.05"]
[Round "4"]
[White "Garonzi, Martino"]
[Black "Molina, Fabrizio"]
[Result "1/2-1/2"]
[WhiteElo "2013"]
[BlackElo "2211"]
[PlyCount "92"]
[EventDate "2010.05.29"]

1. e4 e5 2. Nf3 d6 3. d4 Qe7 4. Nc3 c6 5. Be2 Nf6 6. O-O g6 7. Bg5 Bg7 8. Re1
h6 9. Bh4 O-O 10. dxe5 dxe5 11. Bc4 b5 12. Bb3 a5 13. a4 b4 14. Nb1 Ba6 15.
Nbd2 Qc5 16. Qc1 Nbd7 17. Bg3 Nh5 18. Nf1 Rad8 19. Qe3 Qxe3 20. Nxe3 Nf4 21.
Bc4 Bc8 22. Rad1 Nb6 23. b3 Bf6 24. Bf1 Be6 25. Rxd8 Rxd8 26. Rd1 Rxd1 27. Nxd1
Bg7 28. Ne3 f6 29. Nd2 Kf8 30. Bxf4 exf4 31. Nec4 Bxc4 32. Nxc4 Nxc4 33. Bxc4
Ke7 34. f3 Kd6 35. Kf2 Ke5 36. Ke2 Kd4 37. Bf7 g5 38. h3 Kc3 39. Kd1 Bf8 40.
Bc4 Bc5 41. Bf7 Be3 42. Bc4 c5 43. Bf7 Kd4 44. Ke2 Ke5 45. Bc4 f5 46. exf5 Kxf5
1/2-1/2

[Event "III Open Basso Veronese A"]
[Site "Casaleone ITA"]
[Date "2010.06.05"]
[Round "4"]
[White "Ricci, Alfredo"]
[Black "Marino, Francesco V."]
[Result "1-0"]
[WhiteElo "1980"]
[BlackElo "1877"]
[PlyCount "87"]
[EventDate "2010.05.29"]

1. e4 c5 2. Nf3 Nc6 3. d4 cxd4 4. Nxd4 Nf6 5. Nxc6 bxc6 6. Bd3 e5 7. O-O Be7 8.
Qe1 O-O 9. Kh1 d6 10. Nc3 Be6 11. f4 exf4 12. Bxf4 Nd7 13. Rd1 Qb8 14. b3 Ne5
15. Qg3 Kh8 16. Ne2 c5 17. c4 f6 18. Nc3 Qb7 19. Be2 Rad8 20. Nd5 g5 21. Bc1
Rf7 22. h3 Rdf8 23. Bh5 Rg7 24. Bg4 Nxg4 25. hxg4 Qd7 26. Ne3 Rg6 27. Nf5 Bxf5
28. exf5 Rh6+ 29. Kg1 Rh4 30. Be3 Qe8 31. Kf2 h5 32. Rh1 Rxh1 33. Rxh1 h4 34.
Qf3 Rf7 35. Qe4 Kg7 36. Rd1 Qh8 37. Rh1 Qb8 38. Rh3 Bf8 39. Bd2 Re7 40. Qd3 Qb7
41. Re3 Re5 42. Bc3 Rxe3 43. Qxe3 Qd7 44. Qxg5+ 1-0

[Event "III Open Basso Veronese A"]
[Site "Casaleone ITA"]
[Date "2010.06.05"]
[Round "4"]
[White "Temporin, Alberto"]
[Black "Bertani, Gianfranco"]
[Result "0-1"]
[WhiteElo "1942"]
[BlackElo "2081"]
[PlyCount "50"]
[EventDate "2010.05.29"]

1. e4 c5 2. Nf3 Nc6 3. Bc4 e6 4. Nc3 a6 5. a4 Qc7 6. O-O b6 7. d3 Nge7 8. Bd2
Bb7 9. Qc1 Ng6 10. Ne2 Bd6 11. Bc3 f6 12. Re1 O-O 13. h3 Rae8 14. Bb3 Kh8 15.
Kh1 b5 16. Bd2 f5 17. Ng5 c4 18. dxc4 bxc4 19. Bxc4 Nce5 20. Bd3 h6 21. exf5
hxg5 22. fxg6 Rxf2 23. Nc3 Nxd3 24. cxd3 Bxg2+ 25. Kg1 Bh2+ 0-1

[Event "III Open Basso Veronese A"]
[Site "Casaleone ITA"]
[Date "2010.06.06"]
[Round "5"]
[White "Caldonazzo, Matteo"]
[Black "Temporin, Alberto"]
[Result "0-1"]
[WhiteElo "1894"]
[BlackElo "1942"]
[PlyCount "84"]
[EventDate "2010.05.29"]

1. Nf3 Nf6 2. d4 d5 3. e3 e6 4. Bd3 Bd6 5. b3 b6 6. O-O O-O 7. Nbd2 Bb7 8. Bb2
Nbd7 9. Ne5 Re8 10. Qf3 Bf8 11. e4 Nxe5 12. dxe5 dxe4 13. Nxe4 Bxe4 14. Bxe4
Nxe4 15. Qxe4 Qe7 16. f4 g6 17. Kh1 Rad8 18. Rad1 Qc5 19. Bd4 Qa3 20. Qc6 Qa6
21. g3 Re7 22. Rf2 Red7 23. c3 Bc5 24. Qe4 Bxd4 25. Rxd4 Rxd4 26. cxd4 Qa5 27.
Rc2 Rd5 28. Kg2 Qb4 29. Rxc7 Qd2+ 30. Kh3 Qxa2 31. Qd3 Qa1 32. Rc4 b5 33. Rc8+
Kg7 34. Rb8 a6 35. Qc2 Qf1+ 36. Kh4 Qf3 37. Kh3 Qf1+ 38. Qg2 Qd3 39. Qa2 Rxd4
40. Qa3 b4 41. Qb2 Rxf4 42. Kg2 Qf1# 0-1